| 000 | 01346cam a22003617a 4500 | ||
|---|---|---|---|
| 003 | CHAP | ||
| 005 | 20240828130158.0 | ||
| 008 | 971013s1990 r 00010 d | ||
| 010 | _a743 | ||
| 011 | _a1715 | ||
| 035 | _a891 | ||
| 040 | _cCHAP | ||
| 090 | _aTesis | ||
| 100 | 1 | 0 |
_aMejía Muñoz, José Merced _974277 |
| 245 | 0 | _aAnálisis electroforético y de desarrollo de celulas y apices de Lycopersicum esculentum y un híbrido de Sacaharum en condiciones de tensión por NACL y Kanamicina | |
| 260 |
_aMontecillo, Mex. : _bEl autor, _c1990 |
||
| 300 |
_a146 h. _b; gráfs. |
||
| 502 | _aTesis (M.C. Esp. en Genética) -- Colegio de Postgraduados. Centro de Genética | ||
| 590 |
_aALEPH _b10 _c20130110 _lUCH01 _h1206 |
||
| 590 |
_aBATCH-UPD _b10 _c20130110 _lUCH01 _h0311 |
||
| 590 |
_aBATCH-UPD _b10 _c20130110 _lUCH01 _h2242 |
||
| 590 |
_aBATCH-UPD _b10 _c20130409 _lUCH01 _h2343 |
||
| 590 |
_aBATCH-UPD _b10 _c20130410 _lUCH01 _h1536 |
||
| 590 |
_aBATCH-UPD _b10 _c20130914 _lUCH01 _h0834 |
||
| 590 |
_aCONVERSION _b10 _c20130109 _lUCH01 _h1302 |
||
| 650 | 1 | 4 |
_aCaña de azúcar _xAnálisis. _918575 |
| 650 | 1 | 4 |
_aTomate _xAnálisis. _9113678 |
| 901 | _aBK | ||
| 942 | _cFOLL | ||
| 949 |
_bBC _cTES _d-10350 _eTS1 _h22929 _i891 _si |
||
| 949 |
_bBC _cTES _d-69202 _eTS2 _fc.2 _h22930 _i891 _si |
||
| 949 |
_bBC _cTES _d33724000633210 _eTS2 _fc.3 _h31049 _i891 _si |
||
| 999 |
_c743 _d743 |
||